| 000 | 01372nam a2200253Ia 4500 | ||
|---|---|---|---|
| 999 |
_c56179 _d56179 |
||
| 001 | 23280 | ||
| 003 | GE_BSU | ||
| 005 | 20251117183819.0 | ||
| 008 | 181216s1970||||ge |||||||||||||| ||geo|| | ||
| 040 | _cGE_BSU | ||
| 041 | _ageo | ||
| 080 | _a94(5) + 94(6) დ-74 | ||
| 100 |
_aდონაძე, ვარლამ _910224 |
||
| 245 |
_aაზიისა და აფრიკის ქვეყნების ისტორია. ნაწ. 2. ნაკვ. 2 : _b1945-1968 / _c ვ. დონაძე, ალ. მენთეშაშვილი, ი. ცინცაძე. |
||
| 264 |
_aთბილისი : _bთბილ. უნ-ტის გამ-ბა, _c1970. |
||
| 300 |
_a315 გვ. : _bპორტრ., ილ.; _c22 სმ. |
||
| 504 | _aბიბლიოგრაფია : გვ. 295-297 | ||
| 541 | _h1ლ.80თ. | ||
| 653 | _aაზიის ქვეყნების ისტორია; აფრიკის ქვეყნების ისტორია | ||
| 653 | _aაზიისა და აფრიკის ქვეყნების ისტორია. ნაწ. 2. ნაკვ. 2 : 1945-1968 | ||
| 700 |
_aმენთეშაშვილი, ალბერტი _eავტორი _926245 |
||
| 700 |
_aცინცაძე, იოსები _eავტორი _926246 |
||
| 942 |
_cBK _2udc |
||